Public Speaking

Bibliographic Details
Main Author: Osborn, Michael
Other Authors: Osborn, Suzanne
Format: Book
Published: Boston : Houghton Mifflin Company , 1994
Subjects:

MARC

LEADER 00000cam a2200000 7i4500
001 0000021079
005 20080213.0
008 071205
020 |a 0395675782 
040 |a INS 
090 0 0 |a PN4121   |b O83 1994 
100 1 |a Osborn, Michael 
245 1 0 |a Public Speaking   |c Michael Osborn, Suzanne Osborn 
260 |a Boston :   |b Houghton Mifflin Company ,   |c 1994 
300 |a xxvi,various page :   |b ill. ;   |c 1994. 
500 |a Includes index 
650 0 0 |a Public speaking 
700 0 |a Osborn, Suzanne 
999 |a 0000019609   |b BOOK   |c Open Shelf   |e Default branch 
999 |a 0000019610   |b BOOK   |c Red Spot   |e Default branch 
999 |a 0000019611   |b BOOK   |c Open Shelf   |e Default branch 
999 |a 0000019612   |b BOOK   |c Open Shelf   |e Default branch 
999 |a 0000019613   |b BOOK   |c Open Shelf   |e Default branch